[Event "36th European Club Cup 2021"]
[Site "Struga"]
[Date "2021.09.20"]
[Round "3.9"]
[White "Boskovic, Drasko"]
[Black "Matlakov, Maxim"]
[Result "0-1"]
[WhiteElo "2457"]
[BlackElo "2683"]
[Annotator "TA"]
[PlyCount "86"]
[EventDate "2021.09.18"]
[EventType "team-tourn"]
[EventCountry "MKD"]
[SourceTitle "playchess.com"]
[Source "ChessBase"]
[SourceQuality "1"]

{[%evp 10,86,30,30,39,25,40,29,33,12,50,14,13,18,27,13,8,0,5,19,22,6,16,9,0,0,
51,48,46,36,149,157,151,0,66,0,0,0,0,0,0,0,0,0,0,0,0,0,0,0,0,0,0,0,0,0,0,0,0,
-163,-150,-161,-172,-428,-413,-390,-406,-391,-343,-526,-503,-2346,-2330,-2042,
-2029,-1656,-1783,-12825,-2493]} 1. e4 e5 2. Nf3 Nc6 3. Bc4 Nf6 4. d3 h6 5. O-O
d6 6. c3 g5 $1 {[%mdl 4] now scores much better than the old 6...g6. C55: Two
Knights: 4 d3, 4 d4 exd4 5 e5 and Max Lange Attack.} 7. Bb3 Bg7 8. Nbd2 a5 $5 {
[%mdl 4] White has an edge. A promising side line.} 9. a4 {[#]} Bd7 $146 ({
Predecessor:} 9... Qe7 10. Nc4 Be6 11. Ne3 Qd7 12. Re1 d5 13. exd5 Nxd5 14.
Nxd5 Bxd5 15. Nxe5 Bxe5 {1/2-1/2 (76) Ragger,M (2670)-Shankland,S (2683)
Prague 2020}) 10. Nc4 Be6 11. Re1 g4 12. Nfd2 h5 13. Nf1 d5 14. Nce3 dxe4 15.
Bxe6 fxe6 16. Qb3 Qd7 ({Don't blunder} 16... Qxd3 $2 17. Qxe6+ Kf8 18. b3 $18)
17. dxe4 O-O-O ({Black should try} 17... Nxe4 $11 18. Nxg4 Nd6) 18. Nc4 $1 $14
Qd3 {White must now prevent ...Nd4!} 19. Be3 (19. Bg5 Nd4 $1 $11 {[%mdl 512]})
19... h4 ({Black should play} 19... Qxe4 $14 20. Bh6 Qh7 21. Bxg7 Qxg7) 20.
Rad1 $1 $16 {[%cal Rd1d3]} Qxe4 {[#] Hoping for ...Rxd1.} 21. Bb6 $2 Qf4 {[#]}
(21... Qf5 $11) 22. Bxc7 $1 Kxc7 $11 23. Qb6+ $1 Kc8 24. Nd6+ Rxd6 $1 25. Rxd6
Nd5 26. Rxc6+ bxc6 27. Qxc6+ {[%mdl 64] Double Attack} Nc7 28. Re4 Qf7 29. Rc4
{Qa8+ is the strong threat.} Rf8 30. Qa8+ Kd7 31. Qa7 Kc8 32. Qa8+ Kd7 33. Qa7
Kc8 34. b4 $2 {[#]} (34. Qa8+ $11 {and White has nothing to worry.} Kd7) 34...
e4 $1 $19 35. Qa8+ Kd7 36. Qa7 (36. Qc6+ Kd8 37. Qd6+ Kc8 38. Qa6+ Kd7 39. Qc6+
Kd8 40. Qd6+ Qd7 41. Qc5) 36... Be5 37. Rxe4 Qf5 38. Re2 g3 39. Rd2+ (39. hxg3
{was necessary.} hxg3 40. Qc5) 39... Kc8 {aiming for ...gxh2+.Black is clearly
winning.} 40. Ne3 (40. hxg3 $142 hxg3 41. Re2) 40... gxf2+ 41. Kf1 Qe4 42. Qc5
{[#]} Rf5 $1 43. Rd1 (43. h3 Bf4) 43... h3 {Quite a comeback for Black. 
Weighted Error Value: White=0.64/Black=0.13} 0-1

[Event "36th European Club Cup 2021"]
[Site "Struga"]
[Date "2021.09.20"]
[Round "3.10"]
[White "Ponkratov, Pavel"]
[Black "Tadic, Stefan"]
[Result "1-0"]
[WhiteElo "2657"]
[BlackElo "2339"]
[Annotator "TA"]
[PlyCount "75"]
[EventDate "2021.09.18"]
[EventType "team-tourn"]
[EventCountry "MKD"]
[SourceTitle "playchess.com"]
[Source "ChessBase"]
[SourceQuality "1"]

{[%evp 9,75,39,95,95,110,102,93,104,99,88,93,54,54,42,66,49,92,86,112,93,115,
104,120,121,108,93,98,102,146,145,147,144,156,155,145,152,138,137,145,152,153,
143,147,154,177,176,199,189,188,145,134,146,164,114,115,115,343,387,361,353,
595,550,927,932,1031,929,1011,961]} 1. d4 Nf6 2. c4 c5 3. d5 b5 4. Nf3 b4 5. a3
bxa3 (5... e6 $14) 6. Rxa3 $16 {A57: Benko/Volga Gambit.} d6 7. Nc3 g6 8. e4 {
White is better.} Bg7 9. h3 O-O 10. Bd3 {[#]} e5 $146 ({Predecessor:} 10... Na6
11. O-O Nb4 12. Bb1 Ba6 13. b3 Nd7 14. Bd2 Rb8 15. Re1 Ne5 16. Nxe5 Bxe5 {
0-1 (38) Idrisova,R (1960)-Nouri,A (2291) Chess.com INT 2020}) 11. Bd2 Nh5 12.
O-O Nf4 13. Bc2 $36 {[%mdl 2048] Black is under strong pressure.} h5 14. Re1 a6
15. Na4 Nd7 16. b4 cxb4 17. Bxb4 Qc7 18. Rc3 Nc5 19. Nxc5 dxc5 {[#]} 20. Ba3
Rd8 21. Qc1 Rb8 22. h4 Bh6 {aiming for ...Nh3+!} 23. Qa1 f6 24. g3 Nh3+ 25. Kg2
g5 26. Bc1 Kh7 27. Rh1 Rg8 28. Ra3 ({But not} 28. Rxh3 Bxh3+ 29. Kxh3 g4+ 30.
Kg2 gxf3+ 31. Rxf3 Bxc1 $16) 28... g4 {[#] ...Bxc1 is the strong threat.} 29.
Ne1 Bxc1 30. Qxc1 Rb4 31. Bb1 Rf8 32. Nd3 a5 $2 {This move loses the game for
Black.} (32... Rb7 $16 33. Rf1 f5) 33. Nxb4 $18 cxb4 34. Ra2 Qc5 $2 (34... b3)
35. Qe3 {White is clearly winning.} Qxe3 36. fxe3 Ba6 37. Rc1 Rc8 38. c5 {
Weighted Error Value: White=0.06/Black=0.24} 1-0

[Event "36th European Club Cup 2021"]
[Site "Struga"]
[Date "2021.09.20"]
[Round "3.11"]
[White "Gotovusa, Goran"]
[Black "Sakaev, Konstantin"]
[Result "0-1"]
[WhiteElo "2161"]
[BlackElo "2595"]
[Annotator "ChessBase"]
[PlyCount "108"]
[EventDate "2021.09.18"]
[EventType "team-tourn"]
[EventCountry "MKD"]
[SourceTitle "playchess.com"]
[Source "ChessBase"]
[SourceQuality "1"]
[TimeControl "40/5400+30:1800+30"]

1. d4 {[%emt 0:00:06]} Nf6 {[%emt 0:00:07]} 2. e3 {[%emt 0:00:59]} g6 {[%emt 0:
01:22]} 3. Nf3 {[%emt 0:00:07]} Bg7 {[%emt 0:00:06]} 4. Be2 {[%emt 0:00:06]} c5
{[%emt 0:01:32]} 5. O-O {[%emt 0:00:42]} O-O {[%emt 0:01:10]} 6. c3 {[%emt 0:
07:38]} Qc7 {[%emt 0:04:16]} 7. Nbd2 {[%emt 0:00:42]} d5 {[%emt 0:01:21]} 8.
Ne5 {[%emt 0:03:34]} Nbd7 {[%emt 0:11:59]} 9. f4 {[%emt 0:01:10]} b6 {[%emt 0:
02:52]} 10. Bd3 {[%emt 0:24:44]} Bb7 {[%emt 0:06:20]} 11. Qf3 {[%emt 0:01:45]}
Ne8 {[%emt 0:06:11]} 12. g4 {[%emt 0:06:17]} Nxe5 {[%emt 0:06:25]} 13. dxe5 {
[%emt 0:07:55]} f6 {[%emt 0:02:23]} 14. e6 {[%emt 0:02:20]} f5 {[%emt 0:01:17]}
15. gxf5 {[%emt 0:00:40]} gxf5 {[%emt 0:01:35]} 16. Qh3 {[%emt 0:04:49]} Nd6 {
[%emt 0:01:13]} 17. Nf3 {[%emt 0:06:50]} Rf6 {[%emt 0:02:08]} 18. Kf2 {[%emt 0:
02:45]} Rh6 {[%emt 0:07:40]} 19. Nh4 {[%emt 0:03:02]} Qc8 {[%emt 0:09:54]} 20.
Rg1 {[%emt 0:04:51]} Qxe6 {[%emt 0:03:48]} 21. Qg2 {[%emt 0:01:37]} Qf7 {
[%emt 0:08:22]} 22. Nf3 {[%emt 0:14:01]} Kh8 {[%emt 0:01:35]} 23. Ng5 {[%emt 0:
01:28]} Qh5 {[%emt 0:03:39]} 24. h3 {[%emt 0:02:25]} Bf6 {[%emt 0:02:40]} 25.
Be2 {[%emt 0:01:08]} Qe8 {[%emt 0:09:10]} 26. Bf3 {[%emt 0:00:29]} Ne4+ {
[%emt 0:01:44]} 27. Ke1 {[%emt 0:00:42]} e6 {[%emt 0:01:01]} 28. h4 {[%emt 0:
00:25]} Qe7 {[%emt 0:00:26]} 29. Bd2 {[%emt 0:01:02]} Rxh4 {[%emt 0:00:56]} 30.
Bxe4 {[%emt 0:00:33]} dxe4 {[%emt 0:01:12]} 31. Rd1 {[%emt 0:00:26]} Rg4 {
[%emt 0:00:28]} 32. Qh2 {[%emt 0:00:19]} Rxg1+ {[%emt 0:00:09]} 33. Qxg1 {
[%emt 0:00:02]} Rg8 {[%emt 0:00:38]} 34. c4 {[%emt 0:00:23]} Bxb2 {[%emt 0:00:
19]} 35. Kf2 {[%emt 0:00:19]} Bf6 {[%emt 0:00:45]} 36. Qh2 {[%emt 0:00:17]} Bc6
{[%emt 0:01:09]} 37. Rh1 {[%emt 0:00:30]} Rg7 {[%emt 0:00:03]} 38. Qh6 {
[%emt 0:00:30]} Be8 {[%emt 0:00:15]} 39. Rg1 {[%emt 0:00:49]} Bg6 {[%emt 0:00:
29]} 40. a4 {[%emt 0:00:00]} Rg8 {[%emt 0:00:00]} 41. Ke2 {[%emt 0:08:44]} Qg7
{[%emt 0:06:57]} 42. Qh4 {[%emt 0:02:06]} Qd7 {[%emt 0:02:16]} 43. Qh6 {
[%emt 0:00:32]} Bb2 {[%emt 0:10:28]} 44. Rd1 {[%emt 0:05:21]} Qg7 {[%emt 0:07:
02]} 45. Qh4 {[%emt 0:02:13]} Bf6 {[%emt 0:00:47]} 46. Rg1 {[%emt 0:06:23]} h5
{[%emt 0:00:50]} 47. Qe1 {[%emt 0:03:15]} Qd7 {[%emt 0:00:43]} 48. Kf2 {
[%emt 0:00:18]} Qd3 {[%emt 0:00:36]} 49. Qe2 {[%emt 0:00:50]} Qxe2+ {[%emt 0:
01:38]} 50. Kxe2 {[%emt 0:00:01]} Be8 {[%emt 0:02:57]} 51. a5 {[%emt 0:01:01]}
b5 {[%emt 0:00:06]} 52. Rb1 {[%emt 0:00:28]} b4 {[%emt 0:00:17]} 53. Nxe6 {
[%emt 0:00:37]} Rg2+ {[%emt 0:00:15]} 54. Kd1 {[%emt 0:00:13]} Ba4+ {[%emt 0:
00:32]} 0-1

[Event "36th European Club Cup 2021"]
[Site "Struga"]
[Date "2021.09.20"]
[Round "3.12"]
[White "Goganov, Aleksey"]
[Black "Damceski, Marjan"]
[Result "1-0"]
[WhiteElo "2559"]
[BlackElo "2057"]
[Annotator "ChessBase"]
[PlyCount "43"]
[EventDate "2021.09.18"]
[EventType "team-tourn"]
[EventCountry "MKD"]
[SourceTitle "playchess.com"]
[Source "ChessBase"]
[SourceQuality "1"]
[TimeControl "40/5400+30:1800+30"]

1. d4 {[%emt 0:00:03]} Nf6 {[%emt 0:00:24]} 2. c4 {[%emt 0:00:05]} d5 {[%emt 0:
00:23]} 3. cxd5 {[%emt 0:00:17]} Nxd5 {[%emt 0:00:33]} 4. e4 {[%emt 0:00:13]}
Nb6 {[%emt 0:00:57]} 5. Nc3 {[%emt 0:00:18]} e6 {[%emt 0:03:49]} 6. Be3 {
[%emt 0:01:26]} N8d7 {[%emt 0:03:13]} 7. Nf3 {[%emt 0:04:26]} Nf6 {[%emt 0:02:
33]} 8. h3 {[%emt 0:01:07]} Be7 {[%emt 0:02:37]} 9. Bd3 {[%emt 0:00:12]} Bd7 {
[%emt 0:02:59]} 10. O-O {[%emt 0:03:34]} Rc8 {[%emt 0:02:09]} 11. Qe2 {[%emt 0:
02:22]} O-O {[%emt 0:05:17]} 12. Rfd1 {[%emt 0:00:19]} c6 {[%emt 0:10:11]} 13.
Rac1 {[%emt 0:02:07]} Be8 {[%emt 0:03:47]} 14. Bb1 {[%emt 0:00:26]} Nbd7 {
[%emt 0:20:13]} 15. Qd3 {[%emt 0:03:11]} g6 {[%emt 0:11:19]} 16. Bh6 {[%emt 0:
00:18]} Qb6 {[%emt 0:00:55]} 17. Qe2 {[%emt 0:02:47]} Nh5 {[%emt 0:01:44]} 18.
d5 {[%emt 0:00:28]} cxd5 {[%emt 0:14:52]} 19. Nxd5 {[%emt 0:00:21]} exd5 {
[%emt 0:03:53]} 20. Rxc8 {[%emt 0:00:08]} Ng3 {[%emt 0:02:01]} 21. Qe3 {
[%emt 0:00:39]} Bc5 {[%emt 0:02:54]} 22. Rxc5 {[%emt 0:00:07]} 1-0

[Event "36th European Club Cup 2021"]
[Site "Struga"]
[Date "2021.09.20"]
[Round "3.13"]
[White "Harikrishna, Pentala"]
[Black "Cornette, Matthieu"]
[Result "0-1"]
[WhiteElo "2725"]
[BlackElo "2578"]
[Annotator "TA"]
[PlyCount "114"]
[EventDate "2021.09.18"]
[EventType "team-tourn"]
[EventCountry "MKD"]
[SourceTitle "playchess.com"]
[Source "ChessBase"]
[SourceQuality "1"]

{[%evp 9,114,11,35,21,31,14,14,6,33,7,-8,0,3,2,7,-33,-18,-14,-8,-23,0,-18,36,
-14,19,17,11,10,20,-35,12,35,18,-135,-137,-217,-185,-194,-110,-254,-237,-318,
-311,-306,-306,-305,-305,-307,-309,-293,-289,-427,-412,-418,-432,-422,-422,
-423,-430,-432,-417,-413,-369,-470,-345,-423,-422,-400,-397,-363,-312,-303,
-288,-616,-730,-680,-622,-937,-892,-958,-972,-985,-887,-847,-751,-694,-579,
-1010,-972,-939,-934,-880,-869,-872,-611,-857,-843,-800,-763,-678,-702,-622,
-589,-6183,-5185,-5708,-5604]} 1. e4 e5 2. Nf3 Nc6 3. Bc4 Nf6 4. d3 Bc5 5. c3
a6 6. a4 {C54: Giuoco Piano: 4 c3 Nf6, main lines with 5 d4 and 5 d3.} d6 {
6...d6 is better than 6...Ba7.} 7. Bg5 h6 8. Bh4 {The position is equal.} Ba7
9. Nbd2 Qe7 10. b4 {[%cal Bb2b4,Bb4b5,Bb5b6][%mdl 32]} g5 11. Bg3 Nh5 12. h3
Nd8 13. Bh2 {[#]} g4 $146 ({Predecessor:} 13... Qf6 14. d4 Nf4 15. Bxf4 Qxf4
16. Be2 O-O 17. Qc2 exd4 18. cxd4 Nc6 19. Qc3 d5 20. exd5 Nxd4 {0-1 (37) Bohak,
J-Piccardo,V Italy 1998}) 14. hxg4 Bxg4 15. b5 a5 (15... Ne6 $11) 16. Rb1 Ne6
17. Bxe6 Qxe6 18. Nc4 Bc5 19. Qe2 ({White should play} 19. Qc2 $11) 19... f5
20. b6 fxe4 21. dxe4 (21. Qxe4 $11 cxb6 22. Nxb6) 21... c6 $17 22. Qd3 (22. Ne3
$17) 22... O-O 23. Ncd2 Rf7 (23... Qg6 $19 24. Bxe5 Rae8) 24. Qc4 {White does
not recover from this.} (24. Nb3 $17 {only move.} Bxb6 25. Nbd4 Bxd4 26. cxd4)
24... Qg6 $19 25. Bg3 Nxg3 26. fxg3 Be6 27. Qd3 Qxg3+ {[%mdl 64] Double Attack}
28. Kd1 Qxg2 29. Kc2 Kh7 30. Rh5 {[#]} (30. Rh2 {was worth a try.} Qg4 31. Rbh1
) 30... Rxf3 $1 {[%mdl 64] Decoy} 31. Qxf3 Qxf3 32. Nxf3 Bg4 $1 {[%csl LRf3,
LRh5][%mdl 64] Double Attack} 33. Rf5 Bxf5 34. exf5 {[%mdl 4096] Endgame
KRB-KRN} Rf8 35. Nd2 Rxf5 36. Ne4 Rf4 37. Nxc5 dxc5 {KR-KR} 38. Re1 e4 39. Kd2
Kg6 40. Rg1+ Kf6 41. Ke2 $2 (41. Rg8 Rf3 42. Rf8+ Kg5 43. Rb8 Rd3+ 44. Ke2)
41... Rf3 {Black is clearly winning.} 42. Rg8 Rxc3 43. Rb8 Rb3 44. Rxb7 Ke5 45.
Kd2 Kd4 46. Rd7+ {[#]} Kc4 $1 47. b7 h5 48. Kc2 {If White can now play Re7
this consolidates a bit.} Rb4 49. Rh7 Kd4 50. Rd7+ Ke5 51. Rh7 Kd6 52. Kc3 h4 (
52... e3 $2 53. Kd3 $17) 53. Kd2 Ke5 54. Re7+ Kd4 55. Rd7+ {[#]} Kc4 $1 56. Re7
Kb3 57. Kc1 c4 {Weighted Error Value: White=0.46/Black=0.17} 0-1

[Event "36th European Club Cup 2021"]
[Site "Struga"]
[Date "2021.09.20"]
[Round "3.14"]
[White "Delchev, Aleksander"]
[Black "Wojtaszek, Radoslaw"]
[Result "1/2-1/2"]
[WhiteElo "2500"]
[BlackElo "2698"]
[Annotator "TA"]
[PlyCount "102"]
[EventDate "2021.09.18"]
[EventType "team-tourn"]
[EventCountry "MKD"]
[SourceTitle "playchess.com"]
[Source "ChessBase"]
[SourceQuality "1"]

{[%evp 18,102,12,-4,1,7,11,22,14,14,10,8,24,11,0,-20,-24,-14,-16,-58,-14,-40,8,
-15,-1,-52,-37,-36,-21,-45,-12,-14,0,-50,-56,-37,-31,-68,-59,-70,-19,-100,-102,
-139,-58,-55,-75,-54,-31,-35,-35,-163,-166,-152,-114,-115,-132,-379,-314,-302,
-320,-318,-304,-284,-58,-77,-83,-79,-55,-47,0,0,0,0,0,0,0,-3,0,0,8,8,8,8,8,8,8]
} 1. d4 Nf6 2. c4 e6 3. g3 d5 4. Bg2 Bb4+ 5. Bd2 Be7 6. Nf3 Nbd7 7. O-O O-O 8.
Qc2 c6 9. Rd1 b6 10. b3 a5 {E11: Bogo-Indian.} 11. Bc3 Ba6 12. Nbd2 b5 13. e4
dxc4 14. bxc4 bxc4 {[#]} 15. Bf1 $146 ({Predecessor:} 15. Bb2 Rb8 16. Rab1 Rb4
17. a3 Rb8 18. Ne5 Nxe5 19. dxe5 Nd7 20. Bf1 Qc7 21. Bxc4 {1/2-1/2 (28) Peet,W
(2258)-Batchelor,P (2256) ICCF email 2017}) 15... c5 16. Bxc4 cxd4 17. Bxd4 {
[#]} Rc8 $1 18. Qd3 (18. Rac1 Nb6) 18... Bb7 19. Rac1 Nc5 20. Qe2 Qc7 {[%cal
Rf6e4]} ({Much weaker is} 20... Ncxe4 $6 21. Nxe4 Nxe4 22. Bxg7 $1 $16 {
[%mdl 512]}) 21. Bd3 (21. e5 $11 Nfe4 22. Qe3) 21... Qb8 $1 $15 22. Bb1 Rfd8
23. e5 Nfd7 24. Qe3 Qa8 25. Re1 h6 26. h4 Na6 27. Nh2 Rxc1 28. Rxc1 Rc8 (28...
Nb4 $15) 29. Rd1 (29. Rxc8+ $11 {keeps the balance.} Qxc8 30. Qd3) 29... Nb4 $1
$17 30. Nhf1 Nc2 ({Black should try} 30... Qa6 $17 {White must now prevent ...
Nc2.} 31. Be4 Nxa2) 31. Qd3 $15 {[#]} Ba6 $1 $36 {[%mdl 2048] Black is on the
roll.} 32. Nc4 {[#]} Nf8 $1 33. Qxc2 {aiming for Nb6.} Rxc4 34. Qd2 (34. Qb3
$15) 34... Qf3 $19 {( -> ...Bb7)} 35. Nh2 Qd5 36. Bb2 Qc6 {Threatens to win
with ...Bc5.} 37. Rc1 $2 (37. Bd3 $17 Bb7 38. f3) 37... Bb7 {[%csl Gb7][%cal
Rc6h1]} 38. f3 Qb6+ $1 39. Kg2 Rb4 {[%cal Rb4b2]} 40. Rc2 {[#]} Ng6 $2 (40...
Bc5 $1 $19 {[%cal Rc5e3] Hoping for ...Be3.} 41. Kh3 Be3) 41. a3 $1 $15 {
[%cal Ra3b4] [#]} Rb5 42. Bd4 Qd8 (42... Qa6 $5 {[%cal Rb5b1]} 43. Ba2 Bd5 $15)
43. Rb2 Rd5 44. Rxb7 {The position is equal.} Rxd4 45. Qc3 Rd1 46. Bxg6 fxg6
47. Kh3 Kf7 48. Ra7 Rd3 49. Qxa5 Qxa5 50. Rxa5 Rxa3 51. Rxa3 Bxa3 {Black had
all chances to win.  Weighted Error Value: White=0.25/Black=0.18} 1/2-1/2

[Event "36th European Club Cup 2021"]
[Site "Struga"]
[Date "2021.09.20"]
[Round "3.15"]
[White "Navara, David"]
[Black "Vaisser, Anatoly"]
[Result "1-0"]
[WhiteElo "2676"]
[BlackElo "2494"]
[Annotator "TA"]
[PlyCount "59"]
[EventDate "2021.09.18"]
[EventType "team-tourn"]
[EventCountry "MKD"]
[SourceTitle "playchess.com"]
[Source "ChessBase"]
[SourceQuality "1"]

{[%evp 23,59,44,112,95,122,27,108,129,129,118,174,165,172,163,293,277,292,297,
273,294,387,387,387,387,385,387,396,396,396,396,464,459,507,478,831,800,1147,
1134]} 1. d4 Nf6 2. c4 c5 3. d5 b5 4. cxb5 a6 5. bxa6 g6 6. Nc3 Bxa6 7. e4 Bxf1
8. Kxf1 d6 9. Nf3 Nbd7 10. g3 Bg7 11. Kg2 O-O 12. Re1 {12.Re1 has become a bit
dusty these days.} Nb6 (12... Qb6 $14) 13. a4 $5 {[%mdl 4] Leaves trodden
paths. A59: Benko/Volga Gambit: White castles by hand.} Nfd7 {[#]} 14. Bf4 $146
({White should try} 14. Qc2 $16) ({Predecessor:} 14. Qb3 Ra5 15. Qc2 Qb8 16. b3
Qb7 17. Bb2 Rb8 18. Reb1 Ne5 19. Nxe5 Bxe5 20. Nb5 Bxb2 21. Rxb2 {1-0 (40)
Andraschko,F (2166)-Both,E (2134) LSS email 2011}) 14... Nc4 (14... Bxc3 $11
15. bxc3 Ra5) 15. Qe2 {White now steadily converts the win.White is better.}
Ndb6 16. e5 Na5 (16... Qc7 $16 17. b3 Na5) 17. Rad1 $18 Qd7 18. h4 Nxa4 (18...
Nbc4 $142 19. Nb5 Rfd8) 19. Nxa4 Qxa4 20. exd6 exd6 21. Bxd6 Rfe8 {[#]} 22. Ra1
$1 Rxe2 23. Rxa4 Rxe1 24. Nxe1 Bxb2 25. Bc7 Bc3 26. Nc2 Kf8 27. d6 {White is
clearly winning.} Ke8 28. Ne3 Bd2 (28... c4 $142 29. Nd5 Bd4 30. Bxa5 Kd7 31.
Rxc4 Rxa5) 29. Nd5 c4 30. Nb6 {Weighted Error Value: White=0.12/Black=0.45} 1-0

[Event "36th European Club Cup 2021"]
[Site "Struga"]
[Date "2021.09.20"]
[Round "3.16"]
[White "Olivier, Pierre"]
[Black "Anton Guijarro, David"]
[Result "0-1"]
[WhiteElo "2215"]
[BlackElo "2651"]
[Annotator "TA"]
[PlyCount "59"]
[EventDate "2021.09.18"]
[EventType "team-tourn"]
[EventCountry "MKD"]
[SourceTitle "playchess.com"]
[Source "ChessBase"]
[SourceQuality "1"]

{[%evp 9,59,0,6,1,0,6,18,15,11,4,10,8,22,6,26,24,31,18,21,10,13,17,11,16,26,-6,
1,-19,-12,-9,-8,-10,-10,-19,-15,-17,0,-28,-26,-32,-34,-37,-34,-25,-23,-31,-29,
-89,-75,-82,-70,-274]} 1. Nf3 Nf6 2. c4 e6 3. Nc3 d5 4. e3 Bd6 5. b3 O-O 6. Bb2
{A17: English Opening: 1...Nf6 with ...Bb4.} Re8 7. Rc1 a6 8. d4 {The position
is equal.} b6 {[#]} 9. g3 $146 ({Predecessor:} 9. Bd3 Bb7 10. O-O Nbd7 11. Re1
dxc4 12. bxc4 c5 13. Bb1 cxd4 14. exd4 Bf4 15. Rc2 {0-1 (42) Benitez Galeano,A
(2201)-Salgado Lopez,I (2604) Chess.com INT 2021}) 9... Bb7 10. cxd5 Nxd5 11.
Nxd5 Bxd5 12. Bg2 Bb4+ 13. Bc3 Ba3 14. Ra1 a5 15. O-O Nd7 16. Qc2 Nf6 17. Ne1
Rc8 18. Bb2 Bxb2 19. Qxb2 c5 20. Rd1 Bxg2 21. Nxg2 Qe7 22. dxc5 Rxc5 23. Qd4 e5
24. Qd6 Qb7 25. Rc1 Ne4 26. Qd3 g6 27. Rxc5 Nxc5 28. Qd6 (28. Qb5 $11 {keeps
the balance.} Rd8 29. Rc1) 28... Ne4 $17 29. Qd3 Ng5 {[#] Hoping for ...Nh3+.}
30. Rd1 $2 {Weighted Error Value: White=0.09/Black=0.02} (30. Kh1 $15) 0-1

[Event "36th European Club Cup 2021"]
[Site "Struga"]
[Date "2021.09.20"]
[Round "3.17"]
[White "Sasikiran, Krishnan"]
[Black "Kirszenberg, Marc"]
[Result "1-0"]
[WhiteElo "2647"]
[BlackElo "2139"]
[Annotator "TA"]
[PlyCount "55"]
[EventDate "2021.09.18"]
[EventType "team-tourn"]
[EventCountry "MKD"]
[SourceTitle "playchess.com"]
[Source "ChessBase"]
[SourceQuality "1"]

{[%evp 16,55,14,6,0,2,2,5,18,4,18,-5,31,15,32,23,35,38,50,43,52,44,56,54,67,72,
101,96,94,77,568,547,562,562,556,546,29988,29989,29970,6515,29991,29992]} 1. e4
c6 2. d4 d5 3. e5 Bf5 4. Nf3 e6 5. Be2 c5 6. O-O Nc6 7. c3 cxd4 8. cxd4 Nge7 9.
Nc3 Bg4 {B12: Caro-Kann: Advance Variation.} 10. Nh4 Bxe2 11. Nxe2 Ng6 {
The position is equal.} 12. Nxg6 hxg6 {[#]} 13. g3 $146 ({Predecessor:} 13. a3
Be7 14. Bd2 Qb6 15. Bc3 f5 16. Qd3 Kf7 17. h3 a5 18. f4 Qa6 19. Qe3 {1/2-1/2 
(29) Jimenez Melguizo,F (2300)-Marbourg,D (2374) ICCF email 2018}) 13... Bb4
14. Kg2 Qd7 15. a3 Ba5 16. Qd3 Bb6 17. Bg5 Rc8 18. Rac1 O-O 19. h4 Ne7 20. Rxc8
Nxc8 21. h5 gxh5 22. Rh1 g6 {[%mdl 8192] This costs Black the game.} (22... Bd8
$16 {is a better chance.}) 23. Nf4 {And now Nxh5! would win.} Bd8 24. Bf6 Bxf6
25. exf6 {White wants to mate with Nxg6!} Qd8 26. Nxh5 Nd6 {[#]} 27. Qd2 $1 {
Threatening mate with g4.} Nf5 {[#]} (27... Qa5 28. Qxa5) 28. g4 $1 {Weighted
Error Value: White=0.04/Black=0.84} 1-0

[Event "36th European Club Cup 2021"]
[Site "Struga"]
[Date "2021.09.20"]
[Round "3.19"]
[White "Berkes, Ferenc"]
[Black "Grischuk, Alexander"]
[Result "1/2-1/2"]
[WhiteElo "2671"]
[BlackElo "2775"]
[Annotator "TA"]
[PlyCount "80"]
[EventDate "2021.09.18"]
[EventType "team-tourn"]
[EventCountry "MKD"]
[SourceTitle "playchess.com"]
[Source "ChessBase"]
[SourceQuality "1"]

{[%evp 13,80,15,14,6,27,16,15,22,18,30,24,0,0,24,33,17,32,32,12,41,28,16,20,0,
0,0,0,-13,-14,-9,-12,-6,-8,-14,-11,-63,-47,-57,-33,-31,-27,-27,-27,-29,-29,-41,
-10,-13,-10,-17,-17,-19,-18,-18,-18,-18,-18,-18,-18,-18,-18,-18,-18,-18,-3,-3,
-3,-10,-14]} 1. d4 Nf6 2. Nf3 d5 3. c4 e6 4. g3 Be7 5. Bg2 O-O 6. O-O dxc4 7.
Qc2 b5 8. a4 {E05: Open Catalan: 5 Nf3 Be7.} Bb7 9. axb5 a6 10. bxa6 Nxa6 11.
Qxc4 Bd5 12. Qd3 Nb4 13. Rxa8 Qxa8 14. Qd1 {[#]} Na2 $146 ({Predecessor:} 14...
c5 15. Nc3 Bc6 16. dxc5 Bxc5 17. Qb3 Rc8 18. Be3 Bxe3 19. Qxb4 Ba7 20. Rc1 Bb7
{1/2-1/2 (37) Kamsky,G (2658)-Fridman,D (2608) Dortmund 2021}) 15. Nc3 Nxc3 16.
bxc3 h6 17. Bf4 c5 18. dxc5 Bxc5 19. c4 Bxc4 20. Ne5 Bd5 21. Bxd5 Nxd5 22. Bd2
Nf6 23. Nd3 Bd4 24. Ne1 (24. e3 $11 Bb6 25. Qa1) 24... Rd8 $15 25. Nf3 Qe4 26.
Be3 {[%cal Rf3d4] [#]} Bb6 27. Qb3 Bxe3 28. Qxe3 Qxe3 29. fxe3 $11 {[%mdl 4096]
Endgame KRN-KRN} Ne4 30. Rc1 {The position is equal.} Ra8 31. Ne5 f6 32. Nd3 e5
33. Rc4 Nd6 34. Rc6 Ra1+ 35. Kg2 Nf5 36. Kf2 h5 37. Rb6 h4 38. Rb4 h3 {[#] ...
Rh1 is the strong threat.} 39. g4 Nd6 40. Ne1 Kf7 {Weighted Error Value:
White=0.05/Black=0.04} 1/2-1/2